[Event "POL-ch Academic"]
[Site "Chorzow"]
[Date "2021.05.14"]
[Round "2.5"]
[White "Szczecina, Kamil"]
[Black "Chylewski, Patryk"]
[Result "0-1"]
[WhiteElo "1955"]
[BlackElo "2323"]
[PlyCount "74"]
[EventDate "2021.05.14"]
[EventType "swiss (rapid)"]
[EventRounds "9"]
[EventCountry "POL"]
[SourceTitle "CBM 202 Extra"]
[Source "ChessBase"]
[SourceDate "2021.07.31"]
[SourceVersion "1"]
[SourceVersionDate "2021.07.31"]
[SourceQuality "1"]

1. e4 c5 2. Nf3 e6 3. b3 a6 4. Bb2 Nc6 5. a4 Qc7 6. Na3 Nf6 7. e5 Ng4 8. Nc4 f6 9. exf6 Nxf6 10. Be2 Be7 11. 0-0 0-0 12. Re1 Rb8 13. d4 cxd4 14. Nxd4 d5 15. Nxc6 Qxc6 16. Ne5 Qc7 17. Bd3 Bc5 18. Rf1 b6 19. Qe2 a5 20. Rae1 Bb4 21. Rd1 Bd6 22. h3 Bb7 23. f4 Ne4 24. Bxe4 dxe4 25. Kh2 Rbc8 26. Qg4 Rf5 27. c4 Rcf8 28. Rde1 R8f6 29. g3 h5 30. Qe2 Rf8 31. Rd1 h4 32. Qg4 e3 33. Rde1 Bxe5 34. Bxe5 Rxe5 35. fxe5 Rxf1 36. Rxf1 Qxe5 37. Qf4 Qb2+ 0-1

[Event "POL-chT Academic"]
[Site "Katowice"]
[Date "2020.11.15"]
[Round "9.15"]
[White "Grabowski, Adam"]
[Black "Szczecina, Kamil"]
[Result "0-1"]
[WhiteElo "2021"]
[BlackElo "1955"]
[PlyCount "56"]
[EventDate "2020.11.14"]
[EventType "team-swiss (rapid)"]
[EventRounds "9"]
[EventCountry "POL"]
[SourceTitle "CBM 199 Extra"]
[Source "ChessBase"]
[SourceDate "2021.01.31"]
[SourceVersion "1"]
[SourceVersionDate "2021.01.31"]
[SourceQuality "1"]
[WhiteTeam "Gdansk Univ"]
[BlackTeam "Gliwice Politechnika Slaska"]
[WhiteTeamCountry "POL"]
[BlackTeamCountry "POL"]

1. Nf3 d5 2. d4 Nf6 3. c4 e6 4. Nc3 Be7 5. Bg5 0-0 6. e3 b6 7. Bd3 Bb7 8. 0-0 Nbd7 9. Rc1 c5 10. Qe2 Rc8 11. Rfd1 cxd4 12. exd4 dxc4 13. Bxc4 Bxf3 14. gxf3 Qc7 15. Ba6 Ng4 16. f4 Bxg5 17. Qxg4 Bxf4 18. Bxc8 Nf6 19. Nd5 Nxg4 20. Nxc7 Rxc8 21. d5 Bxc1 22. Rxc1 exd5 23. Re1 Nf6 24. Nb5 Kf8 25. a3 a6 26. Nc3 d4 27. Na4 b5 28. Nb6 Rb8 0-1

[Event "POL-chT Academic"]
[Site "Katowice"]
[Date "2020.11.14"]
[Round "5.15"]
[White "Budzinski, Jan"]
[Black "Szczecina, Kamil"]
[Result "1-0"]
[WhiteElo "1987"]
[BlackElo "1955"]
[PlyCount "59"]
[EventDate "2020.11.14"]
[EventType "team-swiss (rapid)"]
[EventRounds "9"]
[EventCountry "POL"]
[SourceTitle "CBM 199 Extra"]
[Source "ChessBase"]
[SourceDate "2021.01.31"]
[SourceVersion "1"]
[SourceVersionDate "2021.01.31"]
[SourceQuality "1"]
[WhiteTeam "Krakow Jagiellonski Univ"]
[BlackTeam "Gliwice Politechnika Slaska"]
[WhiteTeamCountry "POL"]
[BlackTeamCountry "POL"]

1. e4 c5 2. Nc3 a6 3. a4 e6 4. Nge2 d5 5. exd5 exd5 6. d4 c4 7. g3 Bb4 8. Bg2 Ne7 9. 0-0 0-0 10. Nf4 Bxc3 11. bxc3 Nbc6 12. Ba3 Bf5 13. g4 Bg6 14. h4 h6 15. Nxg6 fxg6 16. Qe2 Qd7 17. Rae1 Rae8 18. Qe6+ Qxe6 19. Rxe6 Kf7 20. Rfe1 b5 21. axb5 axb5 22. Bc5 g5 23. h5 Rh8 24. Rxc6 Nxc6 25. Bxd5+ Kf6 26. Rxe8 Rxe8 27. Bxc6 Re2 28. d5 Rxc2 29. Bd4+ Ke7 30. Bxb5 1-0

[Event "POL-ch Academic"]
[Site "Katowice"]
[Date "2020.11.13"]
[Round "4"]
[White "Szczecina, Kamil"]
[Black "Adamczewski, Maciej"]
[Result "0-1"]
[WhiteElo "1955"]
[BlackElo "2053"]
[PlyCount "73"]
[EventDate "2020.11.13"]
[EventType "swiss (rapid)"]
[EventRounds "9"]
[EventCountry "POL"]
[SourceTitle "CBM 199 Extra"]
[Source "ChessBase"]
[SourceDate "2021.01.31"]
[SourceVersion "1"]
[SourceVersionDate "2021.01.31"]
[SourceQuality "1"]

1. e4 e6 2. d3 c5 3. g3 d5 4. Nd2 g6 5. Bg2 Bg7 6. Ngf3 Ne7 7. 0-0 Nbc6 8. Re1 0-0 9. e5 b5 10. Nf1 b4 11. h4 Qc7 12. Bf4 Nf5 13. N1h2 h5 14. Qd2 a5 15. g4 hxg4 16. Nxg4 Ncd4 17. Nxd4 cxd4 18. h5 Rd8 19. Bg5 Ba6 20. Nf6+ Kf8 21. Bh3 Rdc8 22. Bxf5 exf5 23. Rac1 Re8 24. h6 Bh8 25. Nxe8 Rxe8 26. f4 Re6 27. Qf2 Qb6 28. c3 Bxd3 29. Qxd4 b3 30. Qxb6 Rxb6 31. a3 Rc6 32. Rcd1 Bc4 33. Rd4 Kg8 34. Red1 f6 35. Rxd5 Bxd5 36. Rxd5 fxg5 37. fxg5 0-1

[Event "POL-chT 2nd League"]
[Site "Poronin"]
[Date "2020.09.08"]
[Round "4.15"]
[White "Gonsior, Monika"]
[Black "Szczecina, Kamil"]
[Result "1-0"]
[WhiteElo "2001"]
[BlackElo "1966"]
[PlyCount "95"]
[EventDate "2020.09.05"]
[EventType "team-swiss"]
[EventRounds "9"]
[EventCountry "POL"]
[SourceTitle "CBM 198 Extra"]
[Source "ChessBase"]
[SourceDate "2020.11.30"]
[SourceVersion "1"]
[SourceVersionDate "2020.11.30"]
[SourceQuality "1"]
[WhiteTeam "Zory Roszada"]
[BlackTeam "Gliwice Politechnika Slaska"]
[WhiteTeamCountry "POL"]
[BlackTeamCountry "POL"]

1. e4 c5 2. Nf3 e6 3. d4 cxd4 4. Nxd4 a6 5. c4 Nf6 6. Nc3 Qc7 7. Bd3 d6 8. 0-0 Nbd7 9. Bg5 Be7 10. Rc1 b6 11. Kh1 Bb7 12. f3 Rc8 13. Qd2 Qb8 14. b3 Bd8 15. Rfe1 0-0 16. Bb1 Bc7 17. f4 Rfe8 18. Nf3 h6 19. Bh4 Nh7 20. Re3 Nhf8 21. Rd1 b5 22. cxb5 d5 23. bxa6 Bxa6 24. e5 Bb6 25. Nd4 Qa7 26. Bf2 f6 27. Rg3 fxe5 28. fxe5 Nxe5 29. Ndb5 Qb8 30. Bxb6 Qxb6 31. a4 Bxb5 32. Nxb5 Nf7 33. Rf1 Re7 34. Qf4 Rc6 35. Rxg7+ Kxg7 36. Qf6+ Kg8 37. Qxe7 Qf2 38. Bd3 Qxf1+ 39. Bxf1 e5 40. g4 e4 41. Nd4 Rg6 42. Be2 Rd6 43. Bb5 Ng6 44. Qe8+ Nf8 45. h4 Rf6 46. Bc6 Rd6 47. a5 Rd8 48. Qe7 1-0

[Event "POL-chT 2nd League"]
[Site "Jastrzebia Gora"]
[Date "2019.09.11"]
[Round "5.22"]
[White "Szczecina, Kamil"]
[Black "Szajda, Marcin"]
[Result "0-1"]
[WhiteElo "1993"]
[BlackElo "1904"]
[PlyCount "80"]
[EventDate "2019.09.07"]
[EventType "team-swiss"]
[EventRounds "9"]
[EventCountry "POL"]
[SourceTitle "EXT 2020"]
[Source "ChessBase"]
[SourceDate "2019.10.17"]
[SourceVersion "1"]
[SourceVersionDate "2019.10.17"]
[SourceQuality "1"]
[WhiteTeam "Podlesie UKS 21"]
[BlackTeam "Chroscice Victoria"]
[WhiteTeamCountry "POL"]
[BlackTeamCountry "POL"]

1. e4 e5 2. Nf3 Nc6 3. d4 exd4 4. Bc4 Nf6 5. e5 d5 6. Bb5 Ne4 7. Nxd4 Bd7 8. Bxc6 bxc6 9. 0-0 Bc5 10. f3 Ng5 11. f4 Ne4 12. Be3 Bb6 13. Nd2 c5 14. N4f3 Nxd2 15. Qxd2 d4 16. Bf2 Bc6 17. c4 Bxf3 18. gxf3 Qd7 19. Qd3 g6 20. Bh4 c6 21. Rae1 Bd8 22. e6 fxe6 23. Bxd8 Rxd8 24. f5 gxf5 25. Qxf5 Rg8+ 26. Kh1 Rg6 27. Qd3 Kf7 28. f4 Kg7 29. Re5 Qd6 30. Rfe1 Rf8 31. Qe4 Rff6 32. b4 cxb4 33. c5 Qd7 34. Rd1 Qf7 35. Rxd4 Rg4 36. Rh5 Qxh5 37. Rd7+ Rf7 38. Qd4+ Kh6 39. Rd6 Qf5 40. Qe3 Qb1+ 0-1

[Event "POL-chT 2nd League"]
[Site "Jastrzebia Gora"]
[Date "2019.09.07"]
[Round "1.16"]
[White "Maka, Marcin"]
[Black "Szczecina, Kamil"]
[Result "1/2-1/2"]
[WhiteElo "2108"]
[BlackElo "1993"]
[PlyCount "94"]
[EventDate "2019.09.07"]
[EventType "team-swiss"]
[EventRounds "9"]
[EventCountry "POL"]
[SourceTitle "EXT 2020"]
[Source "ChessBase"]
[SourceDate "2019.10.17"]
[SourceVersion "1"]
[SourceVersionDate "2019.10.17"]
[SourceQuality "1"]
[WhiteTeam "Lublin LKSz"]
[BlackTeam "Podlesie UKS 21"]
[WhiteTeamCountry "POL"]
[BlackTeamCountry "POL"]

1. e4 c5 2. Nc3 a6 3. a4 Nc6 4. Nge2 e5 5. Ng3 Nge7 6. Bc4 d6 7. d3 Be6 8. 0-0 d5 9. exd5 Nxd5 10. Nxd5 Bxd5 11. Qg4 Bxc4 12. Qxc4 Qd4 13. Qb3 Qb4 14. Qa2 Be7 15. Ne4 Qa5 16. Bd2 Qc7 17. Qc4 b6 18. Nc3 Nb4 19. Ne2 Qd7 20. Rac1 0-0 21. Ng3 b5 22. axb5 axb5 23. Qe4 Nc6 24. Nf5 Bf6 25. Rfe1 Ra4 26. Qf3 Kh8 27. b3 Ra2 28. g4 g6 29. Bh6 gxf5 30. Bxf8 Nd4 31. Qg2 fxg4 32. Re4 Nf3+ 33. Kh1 h5 34. Bxc5 Qc6 35. b4 Bg5 36. Be3 f5 37. Rxe5 Nxe5 38. Qxc6 Nxc6 39. Bxg5 Nxb4 40. Rb1 Nxc2 41. Bf6+ Kh7 42. Rxb5 Ne1 43. Bd4 Rc2 44. Rxf5 Nf3 45. Rxh5+ Kg6 46. Rc5 Nxd4 47. Rxc2 Nxc2 1/2-1/2

[Event "Krakow op-B 29th"]
[Site "Krakow"]
[Date "2019.01.02"]
[Round "7"]
[White "Gorkiewicz, Mateusz"]
[Black "Szczecina, Kamil"]
[Result "0-1"]
[WhiteElo "1838"]
[BlackElo "1986"]
[PlyCount "104"]
[EventDate "2018.12.27"]
[EventType "swiss"]
[EventRounds "9"]
[EventCountry "POL"]
[SourceTitle "CBM 189 Extra"]
[Source "ChessBase"]
[SourceDate "2019.06.03"]
[SourceVersion "1"]
[SourceVersionDate "2019.06.03"]
[SourceQuality "1"]

1. e4 c5 2. Nf3 e6 3. d4 cxd4 4. Nxd4 a6 5. Bd3 Qc7 6. 0-0 Nf6 7. Kh1 Be7 8. f4 d6 9. Nc3 Nbd7 10. Bd2 b5 11. b4 Bb7 12. Qe2 0-0 13. a4 bxa4 14. Rxa4 Nb6 15. Ra3 d5 16. e5 Ne4 17. Nxe4 dxe4 18. Bxe4 Bxe4 19. Qxe4 Qc4 20. Re1 Bxb4 21. Bxb4 Qxb4 22. Rb3 Qc5 23. Rh3 g6 24. f5 exf5 25. Qh4 h5 26. Nxf5 Qxc2 27. Ne7+ Kh7 28. Qg5 Rg8 29. Qf6 Rg7 30. Qxb6 a5 31. Nd5 Qd2 32. Nf6+ Kh8 33. Rb1 Rd8 34. Rhb3 g5 35. R3b2 Qd3 36. Nxh5 Rg6 37. Nf6 Kg7 38. Qxa5 Rh6 39. Rb3 Qd4 40. Qe1 Qf4 41. Qg3 Qf5 42. Rc1 Rh4 43. Rf3 Qg6 44. Rcf1 Rhd4 45. Rf5 Qxf5 46. Re1 Rd1 47. Kg1 R8d3 48. Qf2 Qxe5 49. Nh5+ Kg6 50. Qb6+ Kxh5 51. g4+ Kxg4 52. h3+ Kh5 0-1

[Event "Krakow op-B 29th"]
[Site "Krakow"]
[Date "2018.12.30"]
[Round "5"]
[White "Smal, Tobiasz"]
[Black "Szczecina, Kamil"]
[Result "1-0"]
[WhiteElo "1958"]
[BlackElo "1986"]
[PlyCount "83"]
[EventDate "2018.12.27"]
[EventType "swiss"]
[EventRounds "9"]
[EventCountry "POL"]
[SourceTitle "CBM 189 Extra"]
[Source "ChessBase"]
[SourceDate "2019.06.03"]
[SourceVersion "1"]
[SourceVersionDate "2019.06.03"]
[SourceQuality "1"]

1. e4 c5 2. Nf3 e6 3. d4 cxd4 4. Nxd4 a6 5. Bd3 Qc7 6. 0-0 Nf6 7. Qe2 d6 8. c4 Be7 9. Nc3 Nbd7 10. f4 0-0 11. Be3 Re8 12. g4 g6 13. g5 Nh5 14. Rf2 d5 15. cxd5 e5 16. fxe5 Nxe5 17. Rc1 Bg4 18. Qd2 Qd8 19. Be2 Rc8 20. Bxg4 Nxg4 21. Rg2 Nxe3 22. Qxe3 Bc5 23. Rd1 Qd6 24. Kh1 f5 25. gxf6 Nxf6 26. Qd3 Bxd4 27. Qxd4 b5 28. Rf1 Re5 29. Rf5 Rce8 30. a3 Nxe4 31. Rxe5 Qxe5 32. Qxe5 Rxe5 33. Re2 Nxc3 34. Rxe5 Na4 35. d6 Nb6 36. b3 Kf8 37. a4 Nd7 38. Re7 Nc5 39. axb5 axb5 40. b4 Na6 41. Ra7 Nxb4 42. Ra8+ 1-0

[Event "Krakow op-B 29th"]
[Site "Krakow"]
[Date "2018.12.28"]
[Round "2"]
[White "Szczecina, Kamil"]
[Black "Czechowski, Jakub"]
[Result "1-0"]
[WhiteElo "1986"]
[BlackElo "1840"]
[PlyCount "53"]
[EventDate "2018.12.27"]
[EventType "swiss"]
[EventRounds "9"]
[EventCountry "POL"]
[SourceTitle "CBM 189 Extra"]
[Source "ChessBase"]
[SourceDate "2019.06.03"]
[SourceVersion "1"]
[SourceVersionDate "2019.06.03"]
[SourceQuality "1"]

1. e4 c5 2. Nf3 d6 3. d3 Nc6 4. g3 g6 5. Bg2 Bg7 6. 0-0 e5 7. Ne1 Nge7 8. f4 0-0 9. Nc3 f5 10. Be3 Be6 11. Qd2 Nd4 12. fxe5 dxe5 13. exf5 gxf5 14. Bxb7 Rb8 15. Bg2 Rxb2 16. Na4 Rb5 17. c3 Qa5 18. cxd4 Qxa4 19. dxe5 Bxe5 20. Rc1 Nd5 21. Bh6 Bd4+ 22. Kh1 f4 23. Bxf8 Kxf8 24. Qe2 Be3 25. Rc4 Qa6 26. Re4 Kg7 27. gxf4 1-0

[Event "Krakow op-B 29th"]
[Site "Krakow"]
[Date "2018.12.27"]
[Round "1"]
[White "Planeta, Wojciech"]
[Black "Szczecina, Kamil"]
[Result "0-1"]
[WhiteElo "1812"]
[BlackElo "1986"]
[PlyCount "78"]
[EventDate "2018.12.27"]
[EventType "swiss"]
[EventRounds "9"]
[EventCountry "POL"]
[SourceTitle "CBM 189 Extra"]
[Source "ChessBase"]
[SourceDate "2019.06.03"]
[SourceVersion "1"]
[SourceVersionDate "2019.06.03"]
[SourceQuality "1"]

1. e4 c5 2. Nf3 e6 3. d4 cxd4 4. Nxd4 a6 5. Bd3 Qc7 6. 0-0 Nf6 7. Kh1 Be7 8. Nc3 0-0 9. f4 d6 10. Qe2 Nbd7 11. Bd2 g6 12. Rae1 e5 13. Nf3 b5 14. fxe5 dxe5 15. Bh6 Re8 16. Ng5 Bf8 17. Bxf8 Rxf8 18. a3 Bb7 19. Rf2 h6 20. Nh3 Kg7 21. Ref1 Qb6 22. Rf3 Rac8 23. Qf2 Qxf2 24. Nxf2 Nc5 25. Re3 Rcd8 26. Rd1 Rd4 27. b4 Ne6 28. g3 Rfd8 29. Kg1 Ng5 30. Rde1 h5 31. h4 Ne6 32. Nh3 Ng4 33. R3e2 R4d7 34. Rf1 Nd4 35. Ree1 Rc8 36. Nd5 Bxd5 37. exd5 Rxd5 38. Rc1 Rc3 39. Ng5 f5 0-1

[Event "POL-chT Academic"]
[Site "Katowice"]
[Date "2018.02.03"]
[Round "2.4"]
[White "Popiol, Michal"]
[Black "Szczecina, Kamil"]
[Result "1-0"]
[WhiteElo "2060"]
[BlackElo "1937"]
[PlyCount "77"]
[EventDate "2018.02.03"]
[EventType "team-swiss (rapid)"]
[EventRounds "9"]
[EventCountry "POL"]
[SourceTitle "CBM 182 Extra"]
[Source "ChessBase"]
[SourceDate "2018.02.23"]
[SourceVersion "1"]
[SourceVersionDate "2018.02.23"]
[SourceQuality "1"]
[WhiteTeam "Krakow AGH"]
[BlackTeam "Gliwice Politechnika Slaska"]
[WhiteTeamCountry "POL"]
[BlackTeamCountry "POL"]

1. d4 Nf6 2. c4 e5 3. dxe5 Ng4 4. Bf4 g5 5. Bg3 Nc6 6. Nc3 Ngxe5 7. e3 Bg7 8. Be2 d6 9. Nf3 Be6 10. Qa4 0-0 11. Rd1 f5 12. Nxe5 Nxe5 13. c5 Qe8 14. Qxe8 Raxe8 15. cxd6 f4 16. exf4 gxf4 17. Bh4 f3 18. gxf3 Nxf3+ 19. Bxf3 Rxf3 20. 0-0 cxd6 21. Rxd6 Be5 22. Rdd1 Bxc3 23. bxc3 Rxc3 24. Rfe1 Kf7 25. Rc1 Rxc1 26. Rxc1 Bd5 27. Rc7+ Kg6 28. f4 Re2 29. Bf2 Rxa2 30. Bd4 Rg2+ 31. Kf1 Rxh2 32. Bxa7 Bc6 33. Bd4 Rh5 34. Be5 Rh2 35. Rg7+ Kh6 36. Rg5 Rh1+ 37. Kf2 Rh2+ 38. Ke3 Rh3+ 39. Kd4 1-0

[Event "Katowice POL-HUN 5th"]
[Site "Katowice"]
[Date "2017.05.20"]
[Round "2"]
[White "Zawadzka, Jolanta"]
[Black "Szczecina, Kamil"]
[Result "1-0"]
[WhiteElo "2419"]
[BlackElo "1802"]
[PlyCount "49"]
[EventDate "2017.05.20"]
[EventType "swiss (rapid)"]
[EventRounds "9"]
[EventCountry "POL"]
[SourceTitle "CBM 178 Extra"]
[Source "ChessBase"]
[SourceDate "2017.06.22"]
[SourceVersion "1"]
[SourceVersionDate "2017.06.22"]
[SourceQuality "1"]

1. e4 c5 2. Nf3 e6 3. d4 cxd4 4. Nxd4 a6 5. Bd3 Nf6 6. Qe2 d6 7. Be3 Be7 8. Nd2 Qc7 9. 0-0-0 b5 10. f4 Bb7 11. g4 Nc6 12. Nxc6 Bxc6 13. g5 Nd7 14. Kb1 d5 15. Bd4 0-0-0 16. Rhf1 e5 17. exd5 Bxd5 18. fxe5 Bxg5 19. c4 bxc4 20. Nxc4 Kb8 21. Nd6 Qa5 22. b3 Nc5 23. Bc2 Rhf8 24. Qf2 Ne6 25. Bb6 1-0

[Event "Slask-ch Bak Memorial"]
[Site "Chorzow"]
[Date "2016.09.20"]
[Round "6"]
[White "Szczecina, Kamil"]
[Black "Ociepka, Tomasz"]
[Result "1-0"]
[WhiteElo "1773"]
[BlackElo "1915"]
[PlyCount "23"]
[EventDate "2016.09.17"]
[EventType "swiss"]
[EventRounds "9"]
[EventCountry "POL"]
[SourceTitle "EXT 2018"]
[Source "ChessBase"]
[SourceDate "2017.10.13"]
[SourceVersion "1"]
[SourceVersionDate "2017.10.13"]
[SourceQuality "1"]

1. e4 c5 2. Nf3 e6 3. b3 d6 4. Bb2 Nf6 5. e5 dxe5 6. Nxe5 Be7 7. f4 0-0 8. Bd3 Qc7 9. Na3 Nbd7 10. 0-0 b6 11. Nb5 Qb8 12. Nc6 1-0

[Event "POL-chT U19 2nd League"]
[Site "Iwonicz"]
[Date "2015.08.01"]
[Round "1.103"]
[White "Szczecina, Kamil"]
[Black "Brozyna, Mateusz"]
[Result "0-1"]
[WhiteElo "1913"]
[BlackElo "1783"]
[PlyCount "66"]
[EventDate "2015.07.25"]
[EventType "team-swiss"]
[EventRounds "11"]
[EventCountry "POL"]
[SourceTitle "EXT 2019"]
[Source "ChessBase"]
[SourceDate "2018.10.10"]
[SourceVersion "1"]
[SourceVersionDate "2018.10.10"]
[SourceQuality "1"]
[WhiteTeam "Chorzow ChTS U19"]
[BlackTeam "Myslenice MLKSz U19"]
[WhiteTeamCountry "POL"]
[BlackTeamCountry "POL"]

1. Nf3 f5 2. d3 Nf6 3. g3 g6 4. Bg2 Bg7 5. 0-0 0-0 6. e4 d6 7. c3 c6 8. e5 Nfd7 9. d4 d5 10. Ng5 Nb6 11. h4 h6 12. Nh3 e6 13. Nf4 Qe8 14. b3 Kh7 15. Bf3 Bh8 16. h5 g5 17. Ng6 Rg8 18. g4 Qf7 19. Qd3 Na6 20. Ba3 Nc7 21. Bd1 Rxg6 22. hxg6+ Qxg6 23. Bc2 Bd7 24. Qh3 Bg7 25. Nd2 Bf8 26. Bxf8 Rxf8 27. Kg2 Kg7 28. Qd3 c5 29. dxc5 Bb5 30. c4 dxc4 31. bxc4 Ncd5 32. Qd4 Nf4+ 33. Kh2 Ba4 0-1

[Event "POL-chT U19 2nd League"]
[Site "Iwonicz"]
[Date "2015.08.01"]
[Round "5.85"]
[White "Szczecina, Kamil"]
[Black "Szarota, Marcin"]
[Result "1-0"]
[WhiteElo "1913"]
[BlackElo "1563"]
[PlyCount "25"]
[EventDate "2015.07.25"]
[EventType "team-swiss"]
[EventRounds "11"]
[EventCountry "POL"]
[SourceTitle "EXT 2019"]
[Source "ChessBase"]
[SourceDate "2018.10.10"]
[SourceVersion "1"]
[SourceVersionDate "2018.10.10"]
[SourceQuality "1"]
[WhiteTeam "Chorzow ChTS U19"]
[BlackTeam "Nowy Sacz Sandecja U19"]
[WhiteTeamCountry "POL"]
[BlackTeamCountry "POL"]

1. e4 c5 2. Nf3 d6 3. d3 Nc6 4. g3 Nf6 5. Bg2 e6 6. 0-0 Be7 7. Ne1 0-0 8. f4 b5 9. e5 d5 10. exf6 Bxf6 11. Nf3 Qb6 12. Kh1 Bb7 13. Qe2 1-0

[Event "POL-chT U19 2nd League"]
[Site "Iwonicz"]
[Date "2015.08.01"]
[Round "6.91"]
[White "Szustakowski, Antoni"]
[Black "Szczecina, Kamil"]
[Result "1-0"]
[WhiteElo "1983"]
[BlackElo "1913"]
[PlyCount "63"]
[EventDate "2015.07.25"]
[EventType "team-swiss"]
[EventRounds "11"]
[EventCountry "POL"]
[SourceTitle "EXT 2019"]
[Source "ChessBase"]
[SourceDate "2018.10.10"]
[SourceVersion "1"]
[SourceVersionDate "2018.10.10"]
[SourceQuality "1"]
[WhiteTeam "Zielonka Zieloni U19"]
[BlackTeam "Chorzow ChTS U19"]
[WhiteTeamCountry "POL"]
[BlackTeamCountry "POL"]

1. Nf3 d5 2. d4 Nf6 3. c4 e6 4. Nc3 Be7 5. Bg5 0-0 6. e3 b6 7. Be2 Bb7 8. Bxf6 Bxf6 9. cxd5 exd5 10. 0-0 Re8 11. Qb3 c6 12. Rac1 Nd7 13. Rc2 Qe7 14. a4 a5 15. Rfc1 Rab8 16. Ne1 Qd6 17. Nd3 g6 18. Qa2 h5 19. Qb1 Be7 20. f4 f6 21. f5 Bf8 22. Nd1 g5 23. Bxh5 Re4 24. Bf3 Rh4 25. g3 Rh7 26. N3f2 c5 27. Rd2 c4 28. Nc3 Re8 29. Re2 Rhe7 30. Rce1 Bc6 31. b3 Qb4 32. Nxd5 1-0

[Event "POL-chT U19 2nd League"]
[Site "Iwonicz"]
[Date "2015.08.01"]
[Round "3.103"]
[White "Walkowski, Milosz"]
[Black "Szczecina, Kamil"]
[Result "0-1"]
[WhiteElo "1771"]
[BlackElo "1913"]
[PlyCount "84"]
[EventDate "2015.07.25"]
[EventType "team-swiss"]
[EventRounds "11"]
[EventCountry "POL"]
[SourceTitle "EXT 2019"]
[Source "ChessBase"]
[SourceDate "2018.10.10"]
[SourceVersion "1"]
[SourceVersionDate "2018.10.10"]
[SourceQuality "1"]
[WhiteTeam "Wloszakowice UKS ZSO U19"]
[BlackTeam "Chorzow ChTS U19"]
[WhiteTeamCountry "POL"]
[BlackTeamCountry "POL"]

1. d4 Nf6 2. c4 e5 3. dxe5 Ng4 4. Nf3 Bc5 5. e3 Nc6 6. Bd2 a5 7. Be2 Ncxe5 8. Nxe5 Nxe5 9. Bc3 Qe7 10. Nd2 0-0 11. Nf3 d6 12. 0-0 Nc6 13. Nd4 Ne5 14. Nf3 f6 15. Qd2 Bb6 16. Bd4 c5 17. Bc3 Be6 18. b3 a4 19. Rfe1 Bc7 20. Nxe5 dxe5 21. Bf3 Rad8 22. Qc2 axb3 23. axb3 Bc8 24. Bd5+ Kh8 25. Qb2 Bd6 26. Ra7 Rd7 27. Rea1 b5 28. Rxd7 Qxd7 29. Qa2 b4 30. Bd2 f5 31. Qa7 Qe8 32. Qb6 Qg6 33. g3 f4 34. exf4 exf4 35. Qc6 fxg3 36. hxg3 Qf6 37. Rf1 Bf5 38. Be4 Bxe4 39. Qxe4 Bxg3 40. Be3 Bd6 41. Rd1 h6 42. Qc6 Bh2+ 0-1

[Event "POL-ch U18"]
[Site "Karpacz"]
[Date "2015.03.22"]
[Round "9"]
[White "Kaczmarek, Aleksander"]
[Black "Szczecina, Kamil"]
[Result "1-0"]
[WhiteElo "2323"]
[BlackElo "2018"]
[PlyCount "47"]
[EventDate "2015.03.15"]
[EventType "swiss"]
[EventRounds "9"]
[EventCountry "POL"]
[SourceTitle "EXT 2017"]
[Source "ChessBase"]
[SourceDate "2016.10.25"]
[SourceVersion "1"]
[SourceVersionDate "2016.10.25"]
[SourceQuality "1"]

1. e4 c5 2. Nf3 e6 3. d4 cxd4 4. Nxd4 a6 5. Nc3 Qc7 6. a3 Nf6 7. f4 d6 8. Bd3 Be7 9. 0-0 0-0 10. Kh1 b5 11. Qe1 Nbd7 12. b4 Bb7 13. Bb2 Rfd8 14. Qg3 Bf8 15. Rae1 g6 16. e5 Nh5 17. Qf2 Nb6 18. f5 dxe5 19. fxe6 Rxd4 20. Nxb5 axb5 21. Bxd4 exd4 22. e7 Bd5 23. Be4 Bxe4 24. Qxf7+ 1-0

[Event "POL-ch U18"]
[Site "Karpacz"]
[Date "2015.03.21"]
[Round "8"]
[White "Szczecina, Kamil"]
[Black "Lizak, Jakub"]
[Result "0-1"]
[WhiteElo "2018"]
[BlackElo "2206"]
[PlyCount "78"]
[EventDate "2015.03.15"]
[EventType "swiss"]
[EventRounds "9"]
[EventCountry "POL"]
[SourceTitle "EXT 2017"]
[Source "ChessBase"]
[SourceDate "2016.10.25"]
[SourceVersion "1"]
[SourceVersionDate "2016.10.25"]
[SourceQuality "1"]

1. e4 c5 2. Nf3 a6 3. d3 Nc6 4. g3 e6 5. Bg2 d5 6. Nbd2 Nf6 7. 0-0 Be7 8. Qe2 Qc7 9. Re1 h6 10. Nf1 d4 11. e5 Nd5 12. a3 b5 13. N3d2 Bb7 14. f4 0-0-0 15. Ne4 g5 16. fxg5 hxg5 17. Nxg5 Bxg5 18. Bxg5 Rdg8 19. Bd2 Nde7 20. Bf4 Ng6 21. Qf2 Ncxe5 22. Bxb7+ Kxb7 23. Bxe5 Nxe5 24. Qf4 Rg5 25. Nd2 Rf5 26. Qe4+ Kb8 27. b4 c4 28. dxc4 bxc4 29. Rf1 Rfh5 30. Rf2 f5 31. Qxd4 Ng4 32. Rg2 Rxh2 33. Rxh2 Rxh2 34. Nf1 Rxc2 35. b5 e5 36. Qd5 Qb6+ 37. Kh1 Nf2+ 38. Kg2 Ne4+ 39. Kh1 Nxg3+ 0-1

[Event "POL-ch U18"]
[Site "Karpacz"]
[Date "2015.03.19"]
[Round "6"]
[White "Mrozowski, Patryk"]
[Black "Szczecina, Kamil"]
[Result "1-0"]
[WhiteElo "1956"]
[BlackElo "2018"]
[PlyCount "77"]
[EventDate "2015.03.15"]
[EventType "swiss"]
[EventRounds "9"]
[EventCountry "POL"]
[SourceTitle "EXT 2017"]
[Source "ChessBase"]
[SourceDate "2016.10.25"]
[SourceVersion "1"]
[SourceVersionDate "2016.10.25"]
[SourceQuality "1"]

1. e4 c5 2. Nf3 e6 3. d4 cxd4 4. Nxd4 a6 5. Bd3 Qc7 6. 0-0 Nf6 7. c4 Be7 8. Nc3 d6 9. Be3 Nbd7 10. f4 0-0 11. Qe2 b6 12. b4 d5 13. e5 dxc4 14. Bxc4 Ng4 15. Nxe6 Qc6 16. Nd5 Re8 17. Qxg4 fxe6 18. Nxe7+ Rxe7 19. Rac1 Qe4 20. Qf3 Qxf3 21. Rxf3 Bb7 22. Rf2 g6 23. Rd2 Kf7 24. Rd6 Nf8 25. Bxb6 Rc8 26. Bc5 a5 27. a3 Rec7 28. Rcd1 axb4 29. axb4 Ra8 30. Bb5 Ra2 31. Rd8 Rxg2+ 32. Kf1 Rxh2 33. Rxf8+ Kg7 34. Rd7+ Rxd7 35. Bxd7 Rc2 36. Bxe6 Ba6+ 37. Ke1 g5 38. Rg8+ Kh6 39. Rxg5 1-0